Alternatívne možnosti stanovenia sadzby dane z príjmu právnických osôb diplomová práca

Salvato in:
Dettagli Bibliografici
Autore principale: Karabinošová, Anna
Ente Autore: Národohospodárska fakulta EU. Katedra financií
Altri autori: Geško, Martin
Natura: Libro
Lingua:slovacco
Pubblicazione: Bratislava 2019
Tags: Aggiungi Tag
Nessun Tag, puoi essere il primo ad aggiungerne!!

MARC

LEADER 00000nbm a2200000 4500
001 0255009
005 20190724131034.4
041 0 |a slo 
044 |a SK 
245 1 0 |a Alternatívne možnosti stanovenia sadzby dane z príjmu právnických osôb  |b diplomová práca  |c Anna Karabinošová ; školiteľ: Martin Geško 
264 1 |a Bratislava  |c 2019 
300 |a 67 s. 
100 1 |a Karabinošová, Anna 
700 1 |a Geško, Martin 
710 2 |a Národohospodárska fakulta EU. Katedra financií